| 000 | 00481nam a2200181Ia 4500 | ||
|---|---|---|---|
| 008 | 240925s9999 xx 000 0 und d | ||
| 020 | _a136494927 | ||
| 082 | _a621.395TOC | ||
| 100 | _aTocci, Ronald J. | ||
| 245 | 0 | _aDigital Systems: principles and applications | |
| 250 | _a7th | ||
| 260 |
_aNew Jersey: _bM & T Books _c,1998. |
||
| 300 |
_axxvi,1212p. _bNA _fOriginal |
||
| 500 | _aIncludes Index | ||
| 600 | _aElectronic Engineering | ||
| 650 | _aTechnology | ||
| 942 | _cBK | ||
| 999 |
_c4844 _d4844 |
||